000 00714nam a2200289Ia 4500
005 20260324142846.0
008 008 260324s9999 xx 000 0 eng d
020 _a9781315801254
037 _aEBOOK
040 _aCRL
040 _beng
040 _cCRL
041 _2eng
041 _aeng
084 _qCRL
100 _aLetitia C Pallone; William E Prendergast
_91213493
245 4 _aThe Merry-Go-Round of Sexual Abuse
245 0 _bIdentifying and Treating Survivors
260 _bTaylor and Francis
260 _c1993
365 _a
365 _b170
856 _uhttp://www.taylorfrancis.com/books/9781315801254
942 _cEBOOK
999 _c1818200
_d1818200